[Event "Turkish Super League 2019"]
[Site "Konya"]
[Date "2019.07.17"]
[Round "1"]
[White "Caglar, Sila"]
[Black "Savina, Anastasia"]
[Result "0-1"]
[WhiteElo "2306"]
[BlackElo "2344"]
[Annotator "NA"]
[PlyCount "84"]
[EventDate "2019.07.17"]
[EventType "team-tourn"]
[EventCountry "TUR"]
[SourceTitle "playchess.com"]
[Source "ChessBase"]
[SourceQuality "1"]
[TimeControl "40/5400+30:1800+30"]

1. e4 Nc6 2. Nf3 d6 3. d4 Nf6 4. Nc3 g6 5. h3 Bg7 6. Be2 O-O 7. O-O e5 8. Bg5 h6 9. Be3 exd4 10. Nxd4 Re8 11. Bd3 Bd7 12. Qd2 Nxd4 13. Bxd4 Kh7 14. a4 c5 15. Be3 Bc6 16. f3 Nh5 17. Rfe1 Qh4 18. Bf2 Bd4 19. Bb5 Nf4 20. Bxd4 cxd4 21. Ne2 Nxe2+ 22. Rxe2 Bxb5 23. axb5 Qh5 {[%emt 1:40:55]} 24. Qxd4 {[%emt 1:28:42]} Qxb5 {[%emt 0:00:30]} 25. Rd2 {[%emt 0:00:30]} Kg8 {[%emt 0:00:30]} 26. Rad1 {[%emt 0:10:49]} Rac8 {[%emt 0:00:31]} 27. Qxd6 {[%emt 0:01:15]} Qxb2 {[%emt 0:00:19]} 28. Qf4 {[%emt 0:02:10]} Rxc2 {[%emt 0:00:11]} 29. Rxc2 {[%emt 0:00:45]} Qxc2 {[%emt 0:00:52]} 30. Rd7 {[%emt 0:00:30]} Qb3 {[%emt 0:00:34]} 31. Qc7 {[%emt 0:00:15]} a6 {[%emt 0:00:35]} 32. h4 {[%emt 0:00:33]} h5 {[%emt 0:00:29]} 33. Rd5 {[%emt 0:00:27]} b5 {[%emt 0:00:31]} 34. Qd7 {[%emt 0:00:29]} Rf8 {[%emt 0:00:28]} 35. e5 {[%emt 0:00:29]} Qe3+ {[%emt 0:00:28]} 36. Kf1 {[%emt 0:00:29]} b4 {[%emt 0:00:24]} 37. Qb7 {[%emt 0:00:33]} b3 {[%emt 0:00:30]} 38. Rd6 {[%emt 0:00:25]} Qc1+ {[%emt 0:00:40]} 39. Kf2 {[%emt 0:00:14]} Qc5+ {[%emt 0:00:25]} 40. Kf1 {[%emt 0:00:00]} Qxe5 {[%emt 0:00:00]} 41. Qxa6 {[%emt 0:05:55]} b2 {[%emt 0:05:38]} 42. Rd1 {[%emt 0:00:30]} Qh2 {[%emt 0:08:44]} 0-1

[Event "Turkish Super League 2019"]
[Site "Konya"]
[Date "2019.07.17"]
[Round "1"]
[White "Dordzhieva, Dinara"]
[Black "Mammadzada, Gunay"]
[Result "1/2-1/2"]
[WhiteElo "2306"]
[BlackElo "2427"]
[Annotator "NA"]
[PlyCount "100"]
[EventDate "2019.07.17"]
[EventType "team-tourn"]
[EventCountry "TUR"]
[SourceTitle "playchess.com"]
[Source "ChessBase"]
[SourceQuality "1"]
[TimeControl "40/5400+30:1800+30"]

1. e4 c5 2. Nf3 d6 3. Bb5+ Bd7 4. Bxd7+ Qxd7 5. O-O Nf6 6. Re1 Nc6 7. c3 e6 8. d4 cxd4 9. cxd4 d5 10. e5 Ne4 11. Nbd2 Nxd2 12. Bxd2 Bb4 13. Rc1 Bxd2 14. Qxd2 O-O 15. Rc3 Rac8 16. a3 Ne7 17. Rec1 Rxc3 18. Rxc3 Rc8 19. h3 h6 20. Qc2 Rxc3 21. Qxc3 Qc6 22. Qxc6 Nxc6 23. Kf1 Kh7 24. Ke2 Kg6 25. Ke3 h5 26. b4 b5 27. Ne1 Kf5 28. Nc2 g5 29. Kf3 h4 {[%emt 1:40:47]} 30. Ne3+ {[%emt 1:32:41]} Kg6 {[%emt 0:00:30]} 31. Nc2 {[%emt 0:00:30]} Kh5 {[%emt 0:00:30]} 32. Ke3 {[%emt 0:00:30]} Ne7 {[%emt 0:00:30]} 33. Kf3 {[%emt 0:02:09]} Nc8 {[%emt 0:02:18]} 34. g4+ {[%emt 0:09:24]} hxg3 {[%emt 0:01:09]} 35. fxg3 {[%emt 0:00:30]} g4+ {[%emt 0:00:00]} 36. hxg4+ {[%emt 0:01:21]} Kg5 {[%emt 0:00:06]} 37. Ne1 {[%emt 0:00:48]} Nb6 {[%emt 0:00:07]} 38. Nc2 {[%emt 0:00:00]} Nc4 {[%emt 0:00:00]} 39. Kf2 {[%emt 0:00:00]} Kxg4 {[%emt 0:00:00]} 40. Kg2 {[%emt 0:00:00]} a6 {[%emt 0:00:00]} 41. Kf2 {[%emt 0:02:37]} Nd2 {[%emt 0:08:33]} 42. Ke2 {[%emt 0:07:30]} Nc4 {[%emt 0:09:54]} 43. Kf2 {[%emt 0:01:30]} a5 {[%emt 0:03:03]} 44. bxa5 {[%emt 0:02:30]} Nxa5 {[%emt 0:00:03]} 45. Ne3+ {[%emt 0:01:15]} Kg5 {[%emt 0:05:20]} 46. Kf3 {[%emt 0:01:23]} Nc4 {[%emt 0:02:06]} 47. Nc2 {[%emt 0:00:01]} Kf5 {[%emt 0:02:45]} 48. Ne3+ {[%emt 0:00:13]} Kg5 {[%emt 0:00:40]} 49. Nc2 {[%emt 0:00:03]} Kf5 {[%emt 0:00:19]} 50. Ne3+ {[%emt 0:00:30]} Kg5 {[%emt 0:00:03]} 1/2-1/2

[Event "Turkish Super League 2019"]
[Site "Konya"]
[Date "2019.07.17"]
[Round "1"]
[White "Eren, Ataberk"]
[Black "Ozer, Omer Faruk"]
[Result "1-0"]
[WhiteElo "2295"]
[BlackElo "2369"]
[Annotator "NA"]
[PlyCount "113"]
[EventDate "2019.07.17"]
[EventType "team-tourn"]
[EventCountry "TUR"]
[SourceTitle "playchess.com"]
[Source "ChessBase"]
[SourceQuality "1"]
[TimeControl "40/5400+30:1800+30"]

1. d4 Nf6 2. c4 c5 3. d5 g6 4. Nc3 Bg7 5. e4 d6 6. Bd3 O-O 7. Nf3 e5 8. O-O Nh5 9. Re1 h6 10. a3 Nf4 11. Bf1 g5 12. h3 a6 13. Rb1 f5 14. Bxf4 exf4 15. exf5 Bxf5 16. Bd3 Nd7 17. Bxf5 Rxf5 18. Qc2 Rf7 19. Ne4 Nf8 20. b4 cxb4 21. axb4 a5 22. bxa5 Rxa5 23. Qb3 Qd7 24. Qb4 Ra4 25. Qb3 Ra5 {[%emt 1:34:31]} 26. Nfd2 {[%emt 1:36:36]} Bd4 {[%emt 0:05:18]} 27. Qb4 {[%emt 0:00:15]} Ra6 {[%emt 0:02:06]} 28. Nf3 {[%emt 0:00:04]} Rb6 {[%emt 0:01:33]} 29. Qa3 {[%emt 0:00:30]} Rxb1 {[%emt 0:00:30]} 30. Rxb1 {[%emt 0:00:00]} Be5 {[%emt 0:00:26]} 31. Rb6 {[%emt 0:04:37]} Qc7 {[%emt 0:00:26]} 32. Qb4 {[%emt 0:00:10]} Qe7 {[%emt 0:00:36]} 33. Nxd6 {[%emt 0:03:10]} Bxd6 {[%emt 0:00:22]} 34. Qxd6 {[%emt 0:00:24]} Qxd6 {[%emt 0:00:46]} 35. Rxd6 {[%emt 0:00:01]} Rc7 {[%emt 0:00:00]} 36. Ne5 {[%emt 0:00:20]} Kg7 {[%emt 0:00:39]} 37. h4 {[%emt 0:01:52]} Re7 {[%emt 0:00:08]} 38. Nf3 {[%emt 0:00:18]} g4 {[%emt 0:01:02]} 39. Nd4 {[%emt 0:00:10]} Re1+ {[%emt 0:00:52]} 40. Kh2 {[%emt 0:00:00]} Rc1 {[%emt 0:00:00]} 41. Nf5+ {[%emt 0:04:03]} Kh7 {[%emt 0:01:15]} 42. Rxh6+ {[%emt 0:00:30]} Kg8 {[%emt 0:00:00]} 43. Rb6 {[%emt 0:00:30]} Nd7 {[%emt 0:02:00]} 44. Rg6+ {[%emt 0:05:30]} Kh8 {[%emt 0:00:30]} 45. Rxg4 {[%emt 0:02:30]} Rxc4 {[%emt 0:00:00]} 46. Nd6 {[%emt 0:01:30]} Rb4 {[%emt 0:02:00]} 47. Nf7+ {[%emt 0:06:34]} Kh7 {[%emt 0:00:00]} 48. h5 {[%emt 0:00:00]} Nf6 {[%emt 0:00:00]} 49. Rg5 {[%emt 0:01:13]} f3 {[%emt 0:19:40]} 50. d6 {[%emt 0:05:24]} fxg2 {[%emt 0:06:27]} 51. h6 {[%emt 0:03:22]} Ng4+ {[%emt 0:00:27]} 52. Kxg2 {[%emt 0:00:14]} Nxh6 {[%emt 0:00:00]} 53. Nxh6 {[%emt 0:00:06]} Kxh6 {[%emt 0:00:32]} 54. Rd5 {[%emt 0:00:02]} Rg4+ {[%emt 0:00:09]} 55. Kf3 {[%emt 0:00:02]} Rg8 {[%emt 0:00:00]} 56. d7 {[%emt 0:00:07]} Rd8 {[%emt 0:00:12]} 57. Ke4 {[%emt 0:00:30]} 1-0

[Event "Turkish Super League 2019"]
[Site "Konya"]
[Date "2019.07.17"]
[Round "1"]
[White "Yildiz Kadioglu, Betul Cemre"]
[Black "Daulyte-Cornette, Deimante"]
[Result "1/2-1/2"]
[WhiteElo "2290"]
[BlackElo "2444"]
[Annotator "NA"]
[PlyCount "88"]
[EventDate "2019.07.17"]
[EventType "team-tourn"]
[EventCountry "TUR"]
[SourceTitle "playchess.com"]
[Source "ChessBase"]
[SourceQuality "1"]
[TimeControl "40/5400+30:1800+30"]

1. d4 Nf6 2. c4 e6 3. Nc3 Bb4 4. e3 O-O 5. Bd3 d5 6. Nge2 dxc4 7. Bxc4 e5 8. a3 Bd6 9. O-O Nc6 10. d5 Ne7 11. e4 Ng6 12. f3 Bc5+ 13. Kh1 a5 14. Qd3 Ne8 15. Be3 Bxe3 16. Qxe3 Nd6 17. Bd3 f5 18. Nb5 Nxb5 19. Bxb5 Bd7 20. Bc4 Kh8 21. exf5 Bxf5 22. Ng3 Qd6 23. Rac1 Nf4 24. Rfe1 Rae8 25. Qa7 Bd3 26. Qxa5 Bxc4 27. Rxc4 Nxd5 28. Ne4 {[%emt 1:30:21]} Qe6 {[%emt 1:39:02]} 29. Ng5 {[%emt 0:00:30]} Qd7 {[%emt 0:00:30]} 30. Rce4 {[%emt 0:01:45]} Rf5 {[%emt 0:01:35]} 31. Nh3 {[%emt 0:04:44]} h6 {[%emt 0:00:51]} 32. Qd2 {[%emt 0:01:42]} Qd6 {[%emt 0:02:01]} 33. Qc2 {[%emt 0:02:36]} Qd7 {[%emt 0:01:08]} 34. Nf2 {[%emt 0:00:58]} Nf6 {[%emt 0:00:45]} 35. Rc4 {[%emt 0:01:56]} c6 {[%emt 0:00:12]} 36. Ne4 {[%emt 0:01:23]} Nxe4 {[%emt 0:00:44]} 37. Rcxe4 {[%emt 0:00:37]} Rf4 {[%emt 0:00:51]} 38. Qe2 {[%emt 0:01:53]} Rxe4 {[%emt 0:00:34]} 39. Qxe4 {[%emt 0:00:02]} Qd5 {[%emt 0:00:37]} 40. h3 {[%emt 0:00:00]} Qxe4 {[%emt 0:00:00]} 41. Rxe4 {[%emt 0:06:03]} Kg8 {[%emt 0:10:40]} 42. f4 {[%emt 0:06:30]} Kf7 {[%emt 0:00:00]} 43. Kg1 {[%emt 0:04:26]} exf4 {[%emt 0:01:00]} 44. Rxf4+ {[%emt 0:00:06]} Kg6 {[%emt 0:01:30]} 1/2-1/2

[Event "Turkish Super League 2019"]
[Site "Konya"]
[Date "2019.07.17"]
[Round "1"]
[White "Keler, Faruk"]
[Black "Ozen, Deniz"]
[Result "1/2-1/2"]
[WhiteElo "2263"]
[BlackElo "2430"]
[Annotator "NA"]
[PlyCount "51"]
[EventDate "2019.07.17"]
[EventType "team-tourn"]
[EventCountry "TUR"]
[SourceTitle "playchess.com"]
[Source "ChessBase"]
[SourceQuality "1"]
[TimeControl "40/5400+30:1800+30"]

1. Nf3 Nf6 2. g3 d5 3. Bg2 c6 4. O-O Bg4 5. h3 Bxf3 6. Bxf3 e6 7. d4 Nbd7 8. Nd2 Be7 9. e4 dxe4 10. Nxe4 Nxe4 11. Bxe4 Nf6 12. Bg2 O-O 13. c3 h6 14. Re1 Qc7 {[%emt 0:22:00]} 15. Qf3 {[%emt 0:20:30]} Rad8 {[%emt 0:06:30]} 16. h4 {[%emt 0:03:30]} Rd7 {[%emt 0:11:30]} 17. b4 {[%emt 0:25:30]} a5 {[%emt 0:06:30]} 18. a3 {[%emt 0:00:00]} Ra8 {[%emt 0:01:30]} 19. Bf4 {[%emt 0:03:00]} Qd8 {[%emt 0:03:30]} 20. Bh3 {[%emt 0:03:30]} Nd5 {[%emt 0:06:30]} 21. Bd2 {[%emt 0:00:30]} Bf6 {[%emt 0:09:30]} 22. Qg4 {[%emt 0:20:30]} Kf8 {[%emt 0:09:30]} 23. Qe4 {[%emt 0:00:30]} Kg8 {[%emt 0:00:30]} 24. Qg4 {[%emt 0:00:00]} Kf8 {[%emt 0:02:30]} 25. Qe4 {[%emt 0:00:00]} Kg8 {[%emt 0:01:30]} 26. Qg4 {[%emt 0:00:00]} 1/2-1/2

[Event "Turkish Super League 2019"]
[Site "Konya"]
[Date "2019.07.17"]
[Round "1"]
[White "Gunduz, Umut Erdem"]
[Black "Esipenko, Andrey"]
[Result "1/2-1/2"]
[WhiteElo "2261"]
[BlackElo "2621"]
[Annotator "TA"]
[PlyCount "120"]
[EventDate "2019.07.17"]
[EventType "team-tourn"]
[EventCountry "TUR"]
[SourceTitle "playchess.com"]
[Source "ChessBase"]
[SourceQuality "1"]

{[%evp 27,120,29,17,5,9,0,0,0,-1,-49,-14,-25,-23,-11,-20,-24,-13,-28,-10,-18,-10,-14,-5,-10,-7,-14,31,0,0,0,0,0,0,0,0,0,0,0,0,0,0,0,0,0,0,0,0,0,0,-49,0,-325,-339,-335,-329,-300,-227,-348,-348,-320,-314,-393,-223,-1112,-1050,-955,-118,-948,-79,-109,-89,-152,1033,-1050,-816,-705,-841,-493,-736,-29980,0,0,178,0,0,0,0,0,0,0,0,0,0,0,0]} 1. e4 e5 2. Nf3 Nc6 3. Bb5 a6 4. Ba4 Nf6 5. O-O Be7 6. Re1 b5 7. Bb3 d6 8. c3 O-O 9. h3 Na5 10. Bc2 c5 11. d4 Nd7 12. Nbd2 exd4 13. cxd4 Nc6 14. d5 Nce5 15. Nxe5 {C96: Closed Ruy Lopez: Chigorin Defence: 11 d4, replies other than 11...Qc7} Nxe5 16. f4 Ng6 17. Nf3 Bh4 {[#]} 18. f5 $146 ({Predecessor:} 18. Nxh4 Qxh4 19. Rf1 f5 20. e5 dxe5 21. fxe5 Nxe5 22. Bf4 Nc4 {0-1 (52) Steinberg,N (2532)-Jakovenko,D (2735) St Petersburg 2018}) 18... Bxe1 19. Qxe1 Ne5 20. Nxe5 dxe5 21. Be3 c4 $1 22. a4 Bd7 23. Bc5 Re8 24. a5 Qf6 25. Ra3 Rac8 26. Bb4 c3 27. bxc3 g6 28. fxg6 hxg6 29. Ra2 Kg7 30. Bd3 Qg5 {White must now prevent ...Rh8.} 31. h4 Qg4 {next ...Rh8 is good for Black.} 32. Rf2 f5 33. Qe3 f4 $36 {[%mdl 2048] Black is pushing.} 34. Qa7 {aiming for Be2.} Rcd8 35. Qc7 {Hoping for Bd6.} Qxh4 36. c4 bxc4 37. Bxc4 Qf6 38. Rf3 g5 39. Bd6 $2 {[%mdl 8192]} (39. Rf2 $11) 39... g4 $19 40. Rb3 {intending Rb8.} Qg5 41. Bxa6 {And now Bb5 would win.} f3 42. Bf1 (42. Bb5 $142 Qd2 43. Bxe5+ Kg6 44. Bf1 f2+ 45. Kh2) 42... Qf4 43. Rb2 Qxe4 44. g3 Kf7 (44... Qd4+ $142 45. Rf2 Qxd5) 45. a6 $2 (45. Rf2) 45... Rh8 46. Bxe5 Qe3+ 47. Rf2 {[#]} Rh1+ $2 (47... Rh2 $1 $19 {[%csl Gh2][%cal Re3f2][%mdl 512] and Black stays clearly on top.} 48. Qc2 (48. Kxh2 Qxf2+) 48... Rc8) 48. Kxh1 $17 Qxf2 49. Qc4 {Threatens to win with Qd3.} Kg6 $2 {[#]} (49... Qe1 $17 50. Bb2 Bf5) 50. Bd3+ $4 {[%mdl 8192]} (50. a7 $1 $18 {[%mdl 512]} Qe1 (50... Qxa7 51. Bd3+) 51. Qa6+ Kh7 52. Qd3+ (52. Bb8 $2 Rh8 $19) 52... Kh6 53. Bc3) 50... Kh5 $19 {[%csl Gf3][%cal Rf2g2]} 51. Bf1 Bf5 {( -> ...Rxd5!)} 52. a7 Rc8 53. Bd4 Rxc4 $2 (53... Qxg3 {mates} 54. d6 Rxc4 55. a8=Q Rxd4 56. Qe8+ Bg6 57. Qh8+ Kg5 58. Qd8+ Kf4 59. Qf6+ Ke3 60. d7 Rxd7 61. Qc3+ Rd3 62. Qc5+ Kd2 63. Qa5+ Rc3 64. Qg5+ Ke1 65. Qe7+ Kd1 66. Qd8+ {[#]} Bd3 $1 {[%mdl 512]} 67. Qd4 f2 $1 {[%mdl 512]} 68. Qa4+ Bc2 69. Be2+ Kd2 70. Qd4+ Ke1 71. Qxc3+ {[%mdl 64] Remove Defender} Qxc3 72. Bxg4 f1=Q+ 73. Kh2 Qe5#) 54. Bxf2 $11 {[%mdl 4096] Endgame KRB-KB} Ra4 $2 (54... Rc1 $1 $11 {and Black is okay.} 55. Kg1 (55. a8=Q Rxf1+ 56. Bg1 f2 $11 {[%mdl 64] Pin}) 55... Bd3) 55. Bb5 $2 ({White should try} 55. Kg1 $18) 55... Ra1+ {The position is equal.} 56. Kh2 Ra2 57. Kg1 Ra1+ 58. Kh2 Ra2 59. Kg1 Ra1+ 60. Kh2 Ra2 {Accuracy: White = 57%, Black = 64%.} 1/2-1/2

[Event "Turkish Super League 2019"]
[Site "Konya"]
[Date "2019.07.17"]
[Round "1"]
[White "Akdogan, Alperen"]
[Black "Kamer, Kayra"]
[Result "1-0"]
[WhiteElo "2193"]
[BlackElo "2340"]
[Annotator "NA"]
[PlyCount "91"]
[EventDate "2019.07.17"]
[EventType "team-tourn"]
[EventCountry "TUR"]
[SourceTitle "playchess.com"]
[Source "ChessBase"]
[SourceQuality "1"]
[TimeControl "40/5400+30:1800+30"]

1. d4 Nf6 2. Nf3 g6 3. c4 Bg7 4. Nc3 O-O 5. e4 d6 6. h3 e5 7. d5 a5 8. Bg5 Na6 9. Be2 Qe8 10. Nd2 Nd7 11. a3 Nb6 12. b3 Bd7 13. O-O Nc5 14. Be3 f5 15. f3 f4 16. Bf2 g5 17. Qc2 h5 18. b4 axb4 19. axb4 Nca4 20. c5 Nxc3 21. Qxc3 Na4 22. Qd3 Qg6 23. c6 bxc6 24. dxc6 Be6 25. Qc2 g4 26. hxg4 hxg4 27. fxg4 Nb6 28. Bxb6 cxb6 29. c7 Rxa1 30. Rxa1 Kh7 31. Nf3 Qxg4 32. Nd4 f3 33. Bxf3 Qg6 34. Nxe6 Qxe6 35. Rc1 Rc8 36. Qc6 Bh6 37. Rc3 Bd2 38. Rc4 b5 39. Qxb5 {[%emt 1:19:30]} Ra8 {[%emt 1:20:30]} 40. c8=Q {[%emt 0:00:30]} Ra1+ {[%emt 0:00:30]} 41. Kf2 {[%emt 0:30:30]} Be3+ {[%emt 0:30:30]} 42. Ke2 {[%emt 0:00:30]} Ra2+ {[%emt 0:00:00]} 43. Kd3 {[%emt 0:04:30]} Rd2+ {[%emt 0:00:00]} 44. Kc3 {[%emt 0:01:30]} Qh6 {[%emt 0:00:00]} 45. Qbd7+ {[%emt 0:00:30]} Kg6 {[%emt 0:00:00]} 46. Qg8+ {[%emt 0:00:00]} 1-0

[Event "Turkish Super League 2019"]
[Site "Konya"]
[Date "2019.07.17"]
[Round "1"]
[White "Ozkan, Ervin"]
[Black "Dogan, Nazmi Can"]
[Result "1/2-1/2"]
[WhiteElo "2175"]
[BlackElo "2276"]
[Annotator "NA"]
[PlyCount "101"]
[EventDate "2019.07.17"]
[EventType "team-tourn"]
[EventCountry "TUR"]
[SourceTitle "playchess.com"]
[Source "ChessBase"]
[SourceQuality "1"]
[TimeControl "40/5400+30:1800+30"]

1. d4 g6 2. Nf3 Bg7 3. Bf4 d6 4. e3 Nd7 5. h3 e5 6. Bh2 Ne7 7. dxe5 dxe5 8. Nc3 O-O 9. Bc4 Nf5 10. O-O Nd6 11. Bb3 Re8 12. Qe2 Nc5 13. Rfd1 Nxb3 14. axb3 f6 15. Nd2 Qe7 16. Nc4 Nxc4 17. Qxc4+ Be6 18. Qe2 a6 19. Nd5 Qf7 20. e4 Rad8 21. Ne3 Qe7 22. Nd5 Qf7 23. Ne3 Rd4 24. f3 Red8 25. Bg3 Rxd1+ 26. Rxd1 Rxd1+ 27. Nxd1 Qd7 28. Bf2 Kf7 29. Be3 {[%emt 1:27:45]} Bf8 {[%emt 1:41:21]} 30. Nf2 {[%emt 0:00:30]} a5 {[%emt 0:00:30]} 31. Nd3 {[%emt 0:00:30]} b6 {[%emt 0:00:30]} 32. f4 {[%emt 0:00:30]} exf4 {[%emt 0:00:30]} 33. Nxf4 {[%emt 0:00:30]} Bd6 {[%emt 0:01:28]} 34. Nxe6 {[%emt 0:03:14]} Qxe6 {[%emt 0:00:06]} 35. Qd3 {[%emt 0:01:57]} Qe5 {[%emt 0:01:06]} 36. Bd4 {[%emt 0:02:07]} Qh2+ {[%emt 0:00:16]} 37. Kf1 {[%emt 0:00:29]} Qf4+ {[%emt 0:00:50]} 38. Ke2 {[%emt 0:01:16]} Kg7 {[%emt 0:00:26]} 39. Qe3 {[%emt 0:04:01]} Qh2 {[%emt 0:01:01]} 40. Qg5 {[%emt 0:00:00]} Be5 {[%emt 0:00:00]} 41. Bxe5 {[%emt 0:02:41]} Qxe5 {[%emt 0:02:26]} 42. Qxe5 {[%emt 0:01:30]} fxe5 {[%emt 0:00:00]} 43. c3 {[%emt 0:19:30]} Kf6 {[%emt 0:03:00]} 44. b4 {[%emt 0:03:12]} axb4 {[%emt 0:08:30]} 45. cxb4 {[%emt 0:00:06]} b5 {[%emt 0:10:12]} 46. g3 {[%emt 0:04:08]} Kg5 {[%emt 0:02:35]} 47. Kf3 {[%emt 0:00:38]} h6 {[%emt 0:00:33]} 48. Ke3 {[%emt 0:00:26]} Kf6 {[%emt 0:02:02]} 49. Kd3 {[%emt 0:00:56]} Ke6 {[%emt 0:00:39]} 50. g4 {[%emt 0:01:20]} Kd6 {[%emt 0:01:21]} 51. h4 {[%emt 0:01:47]} 1/2-1/2

[Event "Turkish Super League 2019"]
[Site "Konya"]
[Date "2019.07.17"]
[Round "1"]
[White "Tezcan, Emre"]
[Black "Olcum, Ahmet"]
[Result "0-1"]
[WhiteElo "2082"]
[BlackElo "2271"]
[Annotator "NA"]
[PlyCount "69"]
[EventDate "2019.07.17"]
[EventType "team-tourn"]
[EventCountry "TUR"]
[SourceTitle "playchess.com"]
[Source "ChessBase"]
[SourceQuality "1"]
[TimeControl "40/5400+30:1800+30"]

1. e4 d6 2. d4 g6 3. Nf3 Bg7 4. Nc3 a6 5. a4 Nc6 6. d5 Na5 7. Be3 c5 8. dxc6 bxc6 9. Bd4 e5 10. Be3 Be6 11. Ng5 Bc4 12. Bxc4 Nxc4 13. Bc1 h6 14. Nf3 Nf6 15. O-O O-O 16. b3 Na5 17. Ba3 Nb7 18. Qd3 Qc7 19. Rad1 Rfd8 20. Qc4 Na5 21. Qe2 d5 22. exd5 Nxd5 23. Ne4 f5 24. Nc5 Re8 25. b4 Nc3 26. Qe3 Nxd1 27. Rxd1 Nc4 28. Qb3 Qf7 {[%emt 1:31:22]} 29. Bc1 {[%emt 1:38:58]} Rad8 {[%emt 0:00:30]} 30. c3 {[%emt 0:00:30]} e4 {[%emt 0:00:30]} 31. Nd4 {[%emt 0:00:30]} e3 {[%emt 0:04:13]} 32. fxe3 {[%emt 0:02:37]} Nxe3 {[%emt 0:00:16]} 33. Qxf7+ {[%emt 0:01:11]} Kxf7 {[%emt 0:00:01]} 34. Bxe3 {[%emt 0:00:34]} Rxe3 {[%emt 0:00:15]} 35. Rc1 {[%emt 0:00:36]} 0-1

[Event "Turkish Super League 2019"]
[Site "Konya"]
[Date "2019.07.17"]
[Round "1"]
[White "Dolgun, Can"]
[Black "Ali Marandi, Cemil Can"]
[Result "1/2-1/2"]
[WhiteElo "2064"]
[BlackElo "2527"]
[Annotator "ChessBase"]
[PlyCount "142"]
[EventDate "2019.07.17"]
[EventType "team-tourn"]
[EventCountry "TUR"]
[SourceTitle "playchess.com"]
[Source "ChessBase"]
[SourceQuality "1"]
[TimeControl "40/5400+30:1800+30"]

1. e4 e6 2. d4 d5 3. Nc3 Nc6 4. Nf3 Nf6 5. Bg5 Be7 6. e5 Ne4 7. Bxe7 Qxe7 8. a3 Bd7 9. Bd3 Ng5 10. Be2 Nxf3+ 11. Bxf3 f6 12. exf6 Qxf6 13. Ne2 O-O-O 14. Qd2 e5 15. Bxd5 Nxd4 16. Nxd4 exd4 17. O-O-O Bg4 18. f3 Rxd5 19. fxg4 Rhd8 20. Rhf1 Qe6 21. Qf4 Re5 22. Kb1 c5 23. h3 Rd7 24. Qf8+ Kc7 25. Rf5 g6 26. Rxe5 Qxe5 27. Rf1 Re7 28. Kc1 a6 29. Qf4 Qxf4+ 30. Rxf4 Kd6 31. Kd2 Kd5 32. h4 {[%emt 1:43:11]} b5 {[%emt 1:27:57]} 33. Rf8 {[%emt 0:00:30]} Re4 {[%emt 0:00:30]} 34. Rd8+ {[%emt 0:00:30]} Kc6 {[%emt 0:00:30]} 35. Rc8+ {[%emt 0:00:30]} Kb6 {[%emt 0:00:30]} 36. Rb8+ {[%emt 0:00:30]} Kc7 {[%emt 0:00:30]} 37. Ra8 {[%emt 0:00:30]} Rxg4 {[%emt 0:00:00]} 38. Ra7+ {[%emt 0:02:26]} Kd6 {[%emt 0:00:00]} 39. Rxa6+ {[%emt 0:01:11]} Kd5 {[%emt 0:00:03]} 40. Ra5 {[%emt 0:00:00]} Rxg2+ {[%emt 0:00:38]} 41. Kd1 {[%emt 0:00:12]} Kc4 {[%emt 0:03:52]} 42. b3+ {[%emt 0:13:32]} Kc3 {[%emt 0:00:30]} 43. Rxb5 {[%emt 0:00:18]} Rd2+ {[%emt 0:00:30]} 44. Ke1 {[%emt 0:00:06]} Rxc2 {[%emt 0:00:00]} 45. Rxc5+ {[%emt 0:00:52]} Kxb3 {[%emt 0:00:00]} 46. Rd5 {[%emt 0:01:33]} Kc4 {[%emt 0:00:30]} 47. Rd7 {[%emt 0:00:39]} h5 {[%emt 0:00:30]} 48. a4 {[%emt 0:00:55]} Rh2 {[%emt 0:03:30]} 49. Rd6 {[%emt 0:02:28]} Rxh4 {[%emt 0:01:30]} 50. Rxg6 {[%emt 0:00:19]} Rh1+ {[%emt 0:00:30]} 51. Kd2 {[%emt 0:00:16]} h4 {[%emt 0:00:30]} 52. Rc6+ {[%emt 0:02:30]} Kd5 {[%emt 0:00:30]} 53. Rh6 {[%emt 0:01:06]} Ke4 {[%emt 0:06:30]} 54. a5 {[%emt 0:01:03]} Rh2+ {[%emt 0:00:30]} 55. Kc1 {[%emt 0:01:37]} Kf4 {[%emt 0:10:30]} 56. a6 {[%emt 0:03:12]} Kg5 {[%emt 0:00:30]} 57. a7 {[%emt 0:02:33]} Ra2 {[%emt 0:00:30]} 58. Rh7 {[%emt 0:00:07]} d3 {[%emt 0:00:00]} 59. Kd1 {[%emt 0:00:36]} Kg4 {[%emt 0:01:00]} 60. Rg7+ {[%emt 0:00:12]} Kf4 {[%emt 0:00:30]} 61. Rf7+ {[%emt 0:00:08]} Kg5 {[%emt 0:00:30]} 62. Rh7 {[%emt 0:00:24]} Kg4 {[%emt 0:00:30]} 63. Rg7+ {[%emt 0:00:04]} Kf3 {[%emt 0:00:00]} 64. Rf7+ {[%emt 0:00:10]} Ke3 {[%emt 0:01:00]} 65. Re7+ {[%emt 0:00:05]} Kf2 {[%emt 0:00:00]} 66. Rf7+ {[%emt 0:00:08]} Kg2 {[%emt 0:00:00]} 67. Rg7+ {[%emt 0:00:33]} Kh2 {[%emt 0:00:30]} 68. Ke1 {[%emt 0:00:00]} h3 {[%emt 0:00:30]} 69. Kd1 {[%emt 0:00:06]} Kh1 {[%emt 0:00:30]} 70. Ke1 {[%emt 0:00:15]} Re2+ {[%emt 0:03:30]} 71. Kd1 {[%emt 0:00:30]} Ra2 {[%emt 0:02:30]} 1/2-1/2

[Event "Turkish Super League 2019"]
[Site "Konya"]
[Date "2019.07.17"]
[Round "1"]
[White "Caglar, Ahmet Ata"]
[Black "Secer, Ata"]
[Result "1/2-1/2"]
[WhiteElo "2051"]
[BlackElo "2324"]
[Annotator "NA"]
[PlyCount "95"]
[EventDate "2019.07.17"]
[EventType "team-tourn"]
[EventCountry "TUR"]
[SourceTitle "playchess.com"]
[Source "ChessBase"]
[SourceQuality "1"]
[TimeControl "40/5400+30:1800+30"]

1. d4 d5 2. c4 c6 3. Nf3 Nf6 4. e3 Bf5 5. Nc3 e6 6. Nh4 Be4 7. f3 Bg6 8. Qb3 Qb6 9. Nxg6 hxg6 10. g3 Nbd7 11. Kf2 Qxb3 12. axb3 a6 13. Bd2 Bd6 14. cxd5 exd5 15. Bd3 O-O-O 16. Kg2 Kb8 17. e4 dxe4 18. fxe4 Nc5 19. dxc5 Bc7 20. Rad1 Rxd3 21. Bf4 Rxd1 22. Rxd1 Ng4 23. Rh1 Ne5 24. Rd1 Kc8 25. Na4 Rd8 {[%emt 1:32:48]} 26. Nb6+ {[%emt 1:37:20]} Bxb6 {[%emt 0:00:30]} 27. Rxd8+ {[%emt 0:00:30]} Kxd8 {[%emt 0:00:30]} 28. Bxe5 {[%emt 0:00:30]} Bxc5 {[%emt 0:00:30]} 29. Bxg7 {[%emt 0:00:30]} Ke7 {[%emt 0:00:30]} 30. Bc3 {[%emt 0:00:30]} Ke6 {[%emt 0:00:30]} 31. Kf3 {[%emt 0:00:30]} Be7 {[%emt 0:00:30]} 32. h4 {[%emt 0:00:30]} c5 {[%emt 0:00:00]} 33. Kg2 {[%emt 0:03:12]} b5 {[%emt 0:00:00]} 34. Kf3 {[%emt 0:00:53]} Bd8 {[%emt 0:03:09]} 35. Ke3 {[%emt 0:01:05]} a5 {[%emt 0:00:53]} 36. Kd3 {[%emt 0:00:47]} f5 {[%emt 0:04:01]} 37. Ke3 {[%emt 0:00:39]} Bc7 {[%emt 0:01:11]} 38. exf5+ {[%emt 0:00:21]} Kxf5 {[%emt 0:00:34]} 39. Kf3 {[%emt 0:00:03]} Ke6 {[%emt 0:01:12]} 40. g4 {[%emt 0:00:00]} a4 {[%emt 0:00:00]} 41. bxa4 {[%emt 0:01:10]} bxa4 {[%emt 0:00:42]} 42. Ke4 {[%emt 0:00:30]} Bd8 {[%emt 0:02:30]} 43. h5 {[%emt 0:03:30]} gxh5 {[%emt 0:00:30]} 44. gxh5 {[%emt 0:00:30]} Bg5 {[%emt 0:00:00]} 45. Kd3 {[%emt 0:00:30]} Kf5 {[%emt 0:03:00]} 46. Kc4 {[%emt 0:05:30]} Bc1 {[%emt 0:00:30]} 47. Kxc5 {[%emt 0:00:30]} Bxb2 {[%emt 0:00:30]} 48. Kd4 {[%emt 0:00:30]} 1/2-1/2